|
|
|
|
| LEADER |
02089cas a2200277 a 4500 |
| 001 |
AALejournalIMF021005 |
| 008 |
230101c9999 xx r poo 0 0eng d |
| 020 |
|
|
|c 5.00 USD
|
| 020 |
|
|
|z 9781513546087
|
| 022 |
|
|
|a 1018-5941
|
| 040 |
|
|
|a BD-DhAAL
|c BD-DhAAL
|
| 100 |
1 |
|
|a Batini, Nicoletta.
|
| 245 |
1 |
0 |
|a How Loose, How Tight? :
|b A Measure of Monetary and Fiscal Stance for the Euro Area /
|c Nicoletta Batini, Alessandro Cantelmo, Giovanni Melina, Stefania Villa.
|
| 264 |
|
1 |
|a Washington, D.C. :
|b International Monetary Fund,
|c 2020.
|
| 300 |
|
|
|a 1 online resource (75 pages)
|
| 490 |
1 |
|
|a IMF Working Papers
|
| 500 |
|
|
|a <strong>Off-Campus Access:</strong> No User ID or Password Required
|
| 500 |
|
|
|a <strong>On-Campus Access:</strong> No User ID or Password Required
|
| 506 |
|
|
|a Electronic access restricted to authorized BRAC University faculty, staff and students
|
| 520 |
3 |
|
|a This paper builds a model-based dynamic monetary and fiscal conditions index (DMFCI) and uses it to examine the evolution of the joint stance of monetary and fiscal policies in the euro area (EA) and in its three largest member countries over the period 2007-2018. The index is based on the relative impacts of monetary and fiscal policy on demand using actual and simulated data from rich estimated models featuring also financial intermediaries and long-term government debt. The analysis highlights a short-lived fiscal expansion in the aftermath of the Global Financial Crisis, followed by a quick tightening, with monetary policy left to be the 'only game in town' after 2013. Individual countries' DMFCIs show that national policy stances did not always mirror the evolution of the aggregate stance at the EA level, due to heterogeneity in the fiscal stance.
|
| 538 |
|
|
|a Mode of access: Internet
|
| 700 |
1 |
|
|a Cantelmo, Alessandro.
|
| 700 |
1 |
|
|a Melina, Giovanni.
|
| 700 |
1 |
|
|a Villa, Stefania.
|
| 830 |
|
0 |
|a IMF Working Papers; Working Paper ;
|v No. 2020/086
|
| 856 |
4 |
0 |
|z Full text available on IMF
|u http://elibrary.imf.org/view/journals/001/2020/086/001.2020.issue-086-en.xml
|z IMF e-Library
|